Elementary differential equations / (Record no. 1703)
[ view plain ]
| 000 -LEADER | |
|---|---|
| fixed length control field | 00599nam a22001817a 4500 |
| 005 - DATE AND TIME OF LATEST TRANSACTION | |
| control field | 20230310030904.0 |
| 008 - FIXED-LENGTH DATA ELEMENTS--GENERAL INFORMATION | |
| fixed length control field | 230310b |||||||| |||| 00| 0 eng d |
| 020 ## - INTERNATIONAL STANDARD BOOK NUMBER | |
| International Standard Book Number | 971-1055-52-X |
| 082 ## - DEWEY DECIMAL CLASSIFICATION NUMBER | |
| Classification number | G,S 515.35 1989 |
| 100 ## - MAIN ENTRY--PERSONAL NAME | |
| Personal name | Rainville, Earl D., |
| Relator term | author. |
| 245 ## - TITLE STATEMENT | |
| Title | Elementary differential equations / |
| Statement of responsibility, etc. | Earl D. Rainville, Phillip E. Bedient. |
| 260 ## - PUBLICATION, DISTRIBUTION, ETC. | |
| Place of publication, distribution, etc. | New York : |
| Name of publisher, distributor, etc. | Macmillan Publishing, |
| Date of publication, distribution, etc. | c1989. |
| 300 ## - PHYSICAL DESCRIPTION | |
| Extent | xiii, 546p. |
| 504 ## - BIBLIOGRAPHY, ETC. NOTE | |
| Bibliography, etc. note | Includes index. |
| 541 ## - IMMEDIATE SOURCE OF ACQUISITION NOTE | |
| Accession number | 775 c.1, 776 c.2, 777 c.3, 778 c.4, 779 c.5 |
| 650 ## - SUBJECT ADDED ENTRY--TOPICAL TERM | |
| Topical term or geographic name entry element | Differential equations. |
| 700 ## - ADDED ENTRY--PERSONAL NAME | |
| Personal name | Bedient, Phillip E., |
| Relator term | author. |
| Withdrawn status | Lost status | Source of classification or shelving scheme | Damaged status | Not for loan | Home library | Current library | Date acquired | Total Checkouts | Full call number | Barcode | Date last seen | Price effective from | Koha item type |
|---|---|---|---|---|---|---|---|---|---|---|---|---|---|
| Dewey Decimal Classification | ctu-moalboal | ctu-moalboal | 06/13/2011 | G.S 515.35 R159 1989 | 775 | 03/10/2023 | 03/10/2023 | Books - Graduate School | |||||
| Dewey Decimal Classification | ctu-moalboal | ctu-moalboal | 06/13/2011 | G.S 515.35 R159 1989 | 776 | 03/10/2023 | 03/10/2023 | Books - Graduate School | |||||
| Dewey Decimal Classification | ctu-moalboal | ctu-moalboal | 06/13/2011 | G.S 515.35 R159 1989 | 777 | 03/10/2023 | 03/10/2023 | Books - Graduate School | |||||
| Dewey Decimal Classification | ctu-moalboal | ctu-moalboal | 06/13/2011 | G.S 515.35 R159 1989 | 778 | 03/10/2023 | 03/10/2023 | Books - Graduate School | |||||
| Dewey Decimal Classification | ctu-moalboal | ctu-moalboal | 06/13/2011 | G.S 515.35 R159 1989 | 779 | 03/10/2023 | 03/10/2023 | Books - Graduate School |